000 00266nam a2200109Ia 4500
008 200302s9999 xx 000 0 und d
100 _aD.N. Chaudhuri
245 _aDelhi Light, Shades, Shadows
260 _bNiyogi Books Published
260 _c2012
300 _a210 P.,
999 _c4083
_d4083